[Event "AUTO-ELITE-1206"]
[Site "http://www.queenalice.com/game.php?id=1217134"]
[Date "2013.9.15"]
[Round "1"]
[White "jumer6"]
[Black "juli1"]
[Result "0-1"]
[WhiteElo "2289"]
[BlackElo "2500"]

1. Nf3 Nf6 2. b3 d5 3. Bb2 Bf5 4. e3 a6 5. Be2 h6 6. Nd4 Bh7 7. c4 e6 8. O-O
dxc4 9. bxc4 c5 10. Nb3 Be7 11. d4 cxd4 12. exd4 O-O 13. Nc3 Qc7 14. d5 Nbd7 15.
Qd4 Bd6 16. f4 e5 17. fxe5 Bxe5 18. Qh4 b5 19. Rac1 Rfe8 20. Rf2 Ne4 21. d6 Qa7
22. Nxe4 Bxb2 23. Ng3 Bxc1 24. Nxc1 Re6 25. Nh5 Rae8 26. Kh1 g5 27. Qg3 Bg6 28.
h4 Re3 29. Rf3 Bxh5 30. hxg5 Rxf3 31. gxf3 Qe3 32. gxh6+ Bg6 33. h7+ Kh8 34. Qg1
Qh6+ 35. Kg2 Bxh7 36. Qd4+ f6 37. Qb2 Rg8+ 38. Kf2 Qh4+ 39. Ke3 Qg5+ 40. f4 Qg3+
41. Bf3 Re8+ 0-1

[Event "AUTO-ELITE-1206"]
[Site "http://www.queenalice.com/game.php?id=1217135"]
[Date "2013.9.15"]
[Round "1"]
[White "juli1"]
[Black "jumer6"]
[Result "1-0"]
[WhiteElo "2496"]
[BlackElo "2295"]

1. d4 d5 2. c4 c6 3. Nf3 Nf6 4. Nc3 e6 5. Bg5 dxc4 6. e4 b5 7. e5 h6 8. Bh4 g5
9. Nxg5 hxg5 10. Bxg5 Be7 11. exf6 Bxf6 12. Bxf6 Qxf6 13. a4 Bb7 14. axb5 Rh4
15. Bxc4 Rxd4 16. Qe2 Nd7 17. O-O c5 18. Bd3 Qf4 19. Rfe1 Nf6 20. Qe3 Qxe3 21.
Rxe3 O-O-O 22. Bf1 Kb8 23. Rg3 Rb4 24. Rg7 Rd7 25. Rd1 Bd5 26. g3 Kc7 27. h4 Kd8
28. Nxd5 exd5 29. Bh3 Re7 30. h5 Rxb5 31. h6 Kc7 32. Ra1 Kd6 33. g4 Rb3 34. Bg2
Re8 35. g5 Ne4 36. h7 Rh8 37. Bxe4 dxe4 38. Rxf7 Rxb2 39. g6 Rbb8 40. Rf5 Ke6
41. Rxc5 Kf6 42. Rc6+ Kf5 43. Ra5+ Kf4 44. Rcc5 Kf3 45. Rf5+ Kg4 46. Kg2 Rbe8
47. Rg5+ Kh4 48. Rg3 1-0

[Event "AUTO-ELITE-1212"]
[Site "http://www.queenalice.com/game.php?id=1220817"]
[Date "2013.9.29"]
[Round "1"]
[White "popcorn"]
[Black "jumer6"]
[Result "0-1"]
[WhiteElo "2249"]
[BlackElo "2251"]

1. d4 Nf6 2. c4 e6 3. Nf3 d5 4. Nc3 c6 5. Bg5 h6 6. Bxf6 Qxf6 7. e3 Bd6 8. Be2
Nd7 9. O-O Qe7 10. a3 O-O 11. c5 Bc7 12. b4 e5 13. b5 e4 14. Nd2 Nxc5 15. dxc5
Qe5 16. g3 Qxc3 17. Nb3 Bh3 18. Re1 Qf6 19. Rb1 Bd7 20. Nd4 Ba5 21. Rf1 Bh3 22.
bxc6 bxc6 23. Qa4 Bxf1 24. Bxf1 Bc3 25. Nxc6 Rfc8 0-1

[Event "AUTO-ELITE-1212"]
[Site "http://www.queenalice.com/game.php?id=1220818"]
[Date "2013.9.29"]
[Round "1"]
[White "jumer6"]
[Black "popcorn"]
[Result "1-0"]
[WhiteElo "2263"]
[BlackElo "2227"]

1. Nf3 Nf6 2. d4 d5 3. c4 c6 4. Nc3 dxc4 5. a4 Bf5 6. e3 e6 7. Bxc4 Bb4 8. Nh4
Bg4 9. Qb3 c5 10. h3 Bh5 11. Bb5+ Nfd7 12. Nf3 O-O 13. Be2 Nc6 14. O-O Na5 15.
Qd1 c4 16. e4 Nb3 17. Ra2 Nxc1 18. Qxc1 Rc8 19. Rd1 Nf6 20. Qe3 Qa5 21. g4 Bg6
22. Ne5 Bxc3 23. Nxg6 hxg6 24. bxc3 g5 25. Rb1 1-0

[Event "AUTO-ELITE-1212"]
[Site "http://www.queenalice.com/game.php?id=1220821"]
[Date "2013.9.29"]
[Round "1"]
[White "trompmaster"]
[Black "jumer6"]
[Result "1-0"]
[WhiteElo "2385"]
[BlackElo "2292"]

1. d4 Nf6 2. Nf3 d5 3. e3 e6 4. Bd3 c5 5. b3 Nc6 6. O-O Bd6 7. Bb2 O-O 8. dxc5
Bxc5 9. a3 Qe7 10. b4 Bd6 11. Nbd2 e5 12. c4 Rd8 13. cxd5 Nxd5 14. h3 a6 15. Qc2
h5 16. Nc4 Be6 17. Nxd6 Qxd6 18. Rad1 Rac8 19. Ng5 Qe7 20. Nxe6 fxe6 21. Qe2 Qg5
22. Be4 Nce7 23. Rc1 b5 24. Rfd1 h4 25. Rc5 Rxc5 26. bxc5 Rc8 27. Qc2 Kf7 28.
Bf3 Rc7 29. a4 bxa4 30. Ba3 Qg6 31. Qxa4 Nc3 32. Qxh4 Qh6 33. Qxh6 gxh6 34. Rc1
e4 35. Bh5+ Kf6 36. Rxc3 Nd5 37. Rc4 Kg5 38. Bg4 1-0

[Event "AUTO-ELITE-1212"]
[Site "http://www.queenalice.com/game.php?id=1220822"]
[Date "2013.9.29"]
[Round "1"]
[White "jumer6"]
[Black "trompmaster"]
[Result "0-1"]
[WhiteElo "2283"]
[BlackElo "2394"]

1. e4 d6 2. d4 Nf6 3. Nc3 c6 4. f4 Qa5 5. Bd3 e5 6. Nf3 exd4 7. Nxd4 g6 8. Nb3
Qc7 9. Be3 Bg7 10. Qd2 O-O 11. O-O-O a5 12. a4 Re8 13. h3 b5 14. e5 dxe5 15.
fxe5 Rxe5 16. Bf4 b4 17. Ne2 Nbd7 18. Bxe5 Nxe5 19. Ned4 Nd5 20. Rhe1 Bd7 21.
Kb1 Rd8 22. Be4 Nc4 23. Qf2 Qd6 24. Rd3 Nxb2 25. Bxd5 Qxd5 26. Kxb2 c5 27. Kb1
cxd4 28. Nxd4 Qc5 29. Qh4 Rf8 30. Qe7 Qc8 31. Nb5 Be6 32. Nc7 Bf5 33. Rf3 h6 34.
g4 Bd7 35. Rd3 Bxa4 36. Qc5 Qb7 37. Qxa5 Qc6 38. Rc1 Rc8 39. Qa6 Rxc7 40. Qxc6
Rxc6 41. Rd8+ Kh7 42. Ra8 Bb5 43. Ra7 Rc3 44. h4 Bc4 0-1

[Event "AUTO-MASTER-1884"]
[Site "http://www.queenalice.com/game.php?id=1226538"]
[Date "2013.10.23"]
[Round "2"]
[White "GMcruz"]
[Black "jumer6"]
[Result "0-1"]
[WhiteElo "2006"]
[BlackElo "2290"]

1. e4 c5 2. Nf3 d6 3. d4 cxd4 4. Qxd4 Nf6 5. Nc3 a6 6. Bc4 Nc6 7. Qe3 e6 8. Bd2
Be7 9. O-O-O O-O 10. Kb1 b5 11. Bb3 Bb7 12. Bc1 Qa5 13. Nd4 b4 14. Nce2 Nxd4 15.
Nxd4 Nxe4 16. f3 Nc5 17. Rhe1 Bf6 18. g4 h6 19. f4 Rac8 20. g5 hxg5 21. fxg5 Be5
22. h4 Qc7 23. h5 Be4 24. Bc4 d5 25. Bd3 Bxd4 26. Qxd4 e5 27. Qf2 b3 28. axb3
Bxd3 29. cxd3 Nxb3 30. Bd2 Qc2+ 31. Ka2 Rb8 32. Be3 Nd2 33. Bd4 Qa4# 0-1

[Event "AUTO-MASTER-1884"]
[Site "http://www.queenalice.com/game.php?id=1226539"]
[Date "2013.10.23"]
[Round "2"]
[White "jumer6"]
[Black "GMcruz"]
[Result "1-0"]
[WhiteElo "2273"]
[BlackElo "2037"]

1. c4 g5 2. d4 h6 3. Nc3 Bg7 4. h3 e6 5. Nf3 Ne7 6. e3 d6 7. Bd3 Nbc6 8. O-O O-O
9. Bd2 f5 10. Qb3 b6 11. Be2 Kh8 12. d5 Ne5 13. Nd4 exd5 14. cxd5 f4 15. exf4
gxf4 16. Rac1 N7g6 17. Ncb5 Qg5 18. Nxc7 Nh4 19. g4 f3 20. Bxg5 hxg5 21. Bd1 Rb8
22. Nce6 Bxe6 23. Nxe6 Neg6 24. Rc7 Be5 25. Nxf8 Rxf8 26. Qa4 1-0

[Event "AUTO-MASTER-1884"]
[Site "http://www.queenalice.com/game.php?id=1226542"]
[Date "2013.10.23"]
[Round "2"]
[White "bouley"]
[Black "jumer6"]
[Result "0-1"]
[WhiteElo "2070"]
[BlackElo "2267"]

1. d4 Nf6 2. Nf3 d5 3. c4 c6 4. cxd5 cxd5 5. Nc3 Nc6 6. Bf4 a6 7. e3 Nh5 8. Be5
Bg4 9. Be2 f6 10. Bg3 Qa5 11. O-O Nxg3 12. fxg3 e6 13. a3 Rc8 14. Nh4 Bxe2 15.
Qxe2 Be7 16. Qg4 Kf7 17. b4 Qd8 18. Na4 Re8 19. Qh5+ Kg8 20. Nc5 Bxc5 21. bxc5
b6 22. Rac1 Na5 23. Qd1 Nc4 24. Qd3 bxc5 25. dxc5 Rxc5 26. Nf3 Qc7 27. Nd2 Nxe3
28. Rxc5 Qxc5 29. Rf2 Ng4 30. Qe2 Nxf2 31. Kf1 Ne4 32. Nxe4 dxe4 33. Qxe4 Qf5+
0-1

[Event "AUTO-MASTER-1884"]
[Site "http://www.queenalice.com/game.php?id=1226543"]
[Date "2013.10.23"]
[Round "2"]
[White "jumer6"]
[Black "bouley"]
[Result "1-0"]
[WhiteElo "2260"]
[BlackElo "2099"]

1. Nf3 Nf6 2. b3 g6 3. Bb2 Bg7 4. c4 d6 5. g3 b6 6. Bg2 Bb7 7. O-O Nbd7 8. d4 e6
9. Nc3 O-O 10. Qd2 e5 11. dxe5 dxe5 12. Ba3 Re8 13. Rad1 c5 14. Nb5 Bf8 15. Bb2
a6 16. Nd6 Bxd6 17. Qxd6 Re6 18. Qd2 Qc7 19. Bh3 Re7 20. Qd6 Qxd6 21. Rxd6 Bxf3
22. exf3 Ra7 23. Rfd1 Kg7 24. f4 Kh6 25. fxe5 Ne4 26. Rxd7 Rexd7 27. Bxd7 1-0

[Event "Challenge"]
[Site "http://www.queenalice.com/game.php?id=1232365"]
[Date "2013.11.14"]
[Round "-"]
[White "Zugswang"]
[Black "jumer6"]
[Result "0-1"]
[WhiteElo "2290"]
[BlackElo "2278"]

1. e4 c5 2. Nc3 Nc6 3. g3 g6 4. Bg2 Nf6 5. f4 d6 6. Nge2 Bg7 7. O-O h5 8. d3 h4
9. f5 gxf5 10. exf5 hxg3 11. Nxg3 Qb6 12. Kh1 Bd7 13. a3 O-O-O 14. Na4 Qa5 15.
c4 Rdg8 16. Nc3 Ng4 17. Qxg4 Bxc3 18. Qf3 Be5 19. Bf4 Bxb2 20. Ra2 Bf6 21. Rb1
Qc7 22. Qd5 Rg4 23. Rf2 Nd8 24. Qf3 Rhh4 25. Be3 Bc6 26. Ne4 d5 0-1

[Event "AUTO-MASTER-1901"]
[Site "http://www.queenalice.com/game.php?id=1251090"]
[Date "2014.1.25"]
[Round "2"]
[White "GEMAN"]
[Black "jumer6"]
[Result "1-0"]
[WhiteElo "2339"]
[BlackElo "2246"]

1. e4 c5 2. Nf3 d6 3. d4 cxd4 4. Nxd4 Nf6 5. Nc3 a6 6. Bg5 e5 7. Nb3 Be7 8. Qd2
Be6 9. O-O-O b5 10. Bxf6 gxf6 11. Nd5 Bxd5 12. Qxd5 Nd7 13. g3 Rc8 14. Bh3 Nb6
15. Qb7 Ra8 16. Na5 Qb8 17. Qxe7+ Kxe7 18. Nc6+ Kf8 19. Nxb8 Rxb8 20. Rxd6 Kg7
21. Rhd1 a5 22. Rc6 1-0